MESTSKÁ KNIŽNICA GIRALTOVCE  - online katalóg 

Heydrich (Record no. 23333)

000 -NÁVESTIE
fixed length control field 02197cam a2200625 4500
001 - EVIDENČNÉ ČÍSLO ZÁZNAMU - Kontrolné číslo
control field vtls011699502
005 - DÁTUM A ČAS POSLEDNEJ TRANSAKCIE
control field 20221003075711.0
008 - ÚDAJE S PEVNOU DĹŽKOU – VŠEOBECNÉ INFORMÁCIE
fixed length control field 200316s2017 xo g 000 fdslo
020 ## - MEDZINÁRODNÉ ŠTANDARDNÉ ČÍSLO KNIHY (ISBN)
Medzinárodné štandardné číslo knihy (ISBN) 9788056900123
Qualifying information (viazané)
035 ## - Iný štandardný identifikátor
Iný štandardný identifikátor urn:nbn:sk:snk-am00dgok
035 ## - Iný štandardný identifikátor
Iný štandardný identifikátor urn:nbn:sk:snk-am3i1ny
035 ## - Iný štandardný identifikátor
Iný štandardný identifikátor E02A473E-66F9-45AC-9748-42DCB2D95B13
040 ## - ZDROJ KATALOGIZÁCIE
Pôvodná katalogizujúca agentúra TTKJF
Jazyk katalogizácie slo
Prepisujúca agentúra TTKJF
Modifikujúca agentúra SNK
Konvencie popisu rda
041 1# - KÓD JAZYKA
Kód jazyka textu/zvukovej stopy alebo samostatných nápisov slo
Kód jazyka originálu a/alebo sprostredkujúcich prekladov textu fre
044 ## - KÓD KRAJINY VYDAVATEĽA/PRODUCENTA
Kód krajiny MARC xo
Kód krajiny ISO SK
072 #7 - KÓD PREDMETOVEJ KATEGÓRIE
Kód predmetovej kategórie 821.133.1-3
Pododdiel kódu predmetovej kategórie Francúzska próza, francúzsky písaná
Zdroj konspekt
080 ## - ČÍSLO MEDZINÁRODNÉHO DESATINNÉHO TRIEDENIA (MDT)
Číslo Medzinárodného desatinného triedenia (MDT) 821.133.1-31
Identifikátor vydania 2011
080 ## - ČÍSLO MEDZINÁRODNÉHO DESATINNÉHO TRIEDENIA (MDT)
Číslo Medzinárodného desatinného triedenia (MDT) 329.17-051
Identifikátor vydania 2011
080 ## - ČÍSLO MEDZINÁRODNÉHO DESATINNÉHO TRIEDENIA (MDT)
Číslo Medzinárodného desatinného triedenia (MDT) 323.25/.26:329.18
Identifikátor vydania 2011
080 ## - ČÍSLO MEDZINÁRODNÉHO DESATINNÉHO TRIEDENIA (MDT)
Číslo Medzinárodného desatinného triedenia (MDT) (437)
Identifikátor vydania 2011
080 ## - ČÍSLO MEDZINÁRODNÉHO DESATINNÉHO TRIEDENIA (MDT)
Číslo Medzinárodného desatinného triedenia (MDT) (437.3)
Identifikátor vydania 2011
080 ## - ČÍSLO MEDZINÁRODNÉHO DESATINNÉHO TRIEDENIA (MDT)
Číslo Medzinárodného desatinného triedenia (MDT) (0:82-311.6)
Identifikátor vydania 2011
080 ## - ČÍSLO MEDZINÁRODNÉHO DESATINNÉHO TRIEDENIA (MDT)
Číslo Medzinárodného desatinného triedenia (MDT) 323.285
Identifikátor vydania 2011
100 1# - OSOBNÉ MENÁ – VŠEOBECNÉ INFORMÁCIE
Osobné meno Binet, Laurent,
Dátumy súvisiace s menom 1972-
Kód roly aut
-- 3351
240 10 - UNIFIKOVANÝ NÁZOV
Unifikovaný názov HHhH
Jazyk diela Slovensky
245 10 - NÁZOV
Názov Heydrich
Zvyšok názvu muž so železným srdcom
Údaj o zodpovednosti atď. Laurent Binet ; z francúzskeho originálu HHhH ... preložila Mária Ferenčuhová
246 30 - INÁ FORMA NÁZVU
Hlavný názov/skrátený názov Muž so železným srdcom
250 ## - ÚDAJ O PORADÍ VYDANIA
Údaj o poradí vydania 2. vydanie
264 #1 - VYDAVATEĽSKÉ ÚDAJE, DISTRIBÚCIA ATĎ. - RDA
Miesto publikovania, distribúcie atď. Bratislava
Názov vydavateľa, distibútora atď. Marenčin PT, spol. s r.o.
Dátum publikovania, distribúcie atď. 2017
300 ## - FYZICKÝ POPIS
Rozsah 333 strán
Rozmery 21 cm
336 ## - TYP OBSAHU
Typ obsahu - termín text
Typ obsahu - kód txt
Zdroj rdacontent
337 ## - TYP MÉDIA
Typ média - termín bez média
Typ média - kód n
Zdroj rdamedia
338 ## - TYP NOSIČA
Typ nosiča - termín zväzok
Typ nosiča - kód nc
Zdroj rdacarrier
500 ## - VŠEOBECNÁ POZNÁMKA
Formátovaná poznámka o obsahu Biografické údaje
600 17 - PRIDANÝ VSTUP – PREDMET – OSOBNÉ MENO
Osobné meno Heydrich, Reinhard,
Dátumy súvisiace s menom 1904-1942
Zdroj hesla alebo termínu SNKMA
-- 3352
648 #7 - PRIDANÝ VSTUP – PREDMET – CHRONOLOGICKÝ TERMÍN
Chronologický termín 1942
Zdroj hesla alebo termínu SNKPH
-- 3353
650 07 - PRIDANÝ VSTUP – PREDMET – TEMATICKÉ HESLO
Tematické heslo alebo geografický názov ako vstupný prvok nacisti
Zdroj hesla alebo termínu SNKPH
-- 3354
650 07 - PRIDANÝ VSTUP – PREDMET – TEMATICKÉ HESLO
Tematické heslo alebo geografický názov ako vstupný prvok atentáty
Zdroj hesla alebo termínu SNKPH
-- 3355
650 07 - PRIDANÝ VSTUP – PREDMET – TEMATICKÉ HESLO
Tematické heslo alebo geografický názov ako vstupný prvok protifašistický odboj
Zdroj hesla alebo termínu SNKPH
-- 1752
650 07 - PRIDANÝ VSTUP – PREDMET – TEMATICKÉ HESLO
Tematické heslo alebo geografický názov ako vstupný prvok Nazis
Zdroj hesla alebo termínu SNKPHeng
-- 3356
650 07 - PRIDANÝ VSTUP – PREDMET – TEMATICKÉ HESLO
Tematické heslo alebo geografický názov ako vstupný prvok Assassinations
Zdroj hesla alebo termínu SNKPHeng
-- 3357
650 07 - PRIDANÝ VSTUP – PREDMET – TEMATICKÉ HESLO
Tematické heslo alebo geografický názov ako vstupný prvok Anti-fascist movements
Zdroj hesla alebo termínu SNKPHeng
-- 1753
651 #7 - PRIDANÝ VSTUP – PREDMET – GEOGRAFICKÝ NÁZOV
Geografický názov Protektorát Čechy a Morava (1939-1945)
Zdroj hesla alebo termínu SNKPH
-- 3358
651 #7 - PRIDANÝ VSTUP – PREDMET – GEOGRAFICKÝ NÁZOV
Geografický názov Československo
Zdroj hesla alebo termínu SNKPH
-- 2068
651 #7 - PRIDANÝ VSTUP – PREDMET – GEOGRAFICKÝ NÁZOV
Geografický názov Bohemia and Moravia
Zdroj hesla alebo termínu SNKPHeng
-- 3359
651 #7 - PRIDANÝ VSTUP – PREDMET – GEOGRAFICKÝ NÁZOV
Geografický názov Czechoslovakia
Zdroj hesla alebo termínu SNKPHeng
-- 2069
655 #7 - INDEXAČNÝ TERMÍN – ŽÁNER/FORMA
Údaje o žánri/forme alebo termín, ktorý je prvok fazety francúzske romány
Zdroj termínu SNKPH
-- 2368
655 #7 - INDEXAČNÝ TERMÍN – ŽÁNER/FORMA
Údaje o žánri/forme alebo termín, ktorý je prvok fazety vojnové romány
Zdroj termínu SNKPH
-- 3067
655 #7 - INDEXAČNÝ TERMÍN – ŽÁNER/FORMA
Údaje o žánri/forme alebo termín, ktorý je prvok fazety French fiction
Zdroj termínu SNKPHeng
-- 2366
655 #7 - INDEXAČNÝ TERMÍN – ŽÁNER/FORMA
Údaje o žánri/forme alebo termín, ktorý je prvok fazety War novels
Zdroj termínu SNKPHeng
-- 3068
700 1# - PRIDANÝ VSTUP – OSOBNÉ MENO
Osobné meno Ferenčuhová, Mária,
Dátumy súvisiace s menom 1975-
Kód roly trl
-- 3360
958 ## - Formálny deskriptor
Formálny deskriptor UP
958 ## - Formálny deskriptor
Formálny deskriptor LX
Holdings
Stav stiahnutia (Blokovanie) (Withrawn status) Stav straty Zdroj klasifikácie pre skladovanie Stav poškodenia (Damaged status) Nie pre výpožičky (Not for loan) Spôsob nadobudnutia (Collection code) Trvalé umiestnenie Aktuálne umiestnenie Dátum nadobudnutia Náklady, bežná kúpna cena Inventárne číslo (prírastkové číslo) Celkom výpožičky Celkom prolongácie (predĺženia) Full call number Čiarový kód Dátum posledného výskytu Dátum poslednej výpôžičky Cena s účinnosťou od Typ jednotky Koha
          Kúpa Mestská knižnica Giraltovce Mestská knižnica Giraltovce 2022-10-03 3.00 21666 5 1 B10514 B10514 2024-08-12 2024-06-07 2022-10-03 Krásna literatúra pre dospelých

Powered by Koha